00537nam a22001937a 450000500170000001000130001702000100003003500130004003700160005304000120006908200160008110000300009724500690012726000420019627000500023830000210028865000130030965000210032220170124105942.0 aA-897916 c00.00 aA-897916 bCen Lib/Ret aDPLbEN a230.35bPAR aParthasarathy, Rangaswami aApostle of love saint saipadanada /cby Rangaswami Parthasarathy aNew DelhibSterling paperbacks c1997 bNew DelhiaL-10, Green park extentione110016 a333p.c20cm(pbk) aHinduism aReligious leader